LIBRARY ONLINE CATALOGUE

Chemistry : (Record no. 12124)

MARC details
000 -LEADER
fixed length control field 00752cam a22002412 4500
001 - CONTROL NUMBER
control field 0000020183
005 - DATE AND TIME OF LATEST TRANSACTION
control field 20151217155227.0
008 - FIXED-LENGTH DATA ELEMENTS--GENERAL INFORMATION
fixed length control field 110824s xx 000 0 eng d
020 ## - INTERNATIONAL STANDARD BOOK NUMBER
International Standard Book Number 0534395880
040 ## - CATALOGING SOURCE
Original cataloging agency KABU
Transcribing agency KABU
050 #0 - LIBRARY OF CONGRESS CALL NUMBER
Classification number QD33
Item number .M66 2005
100 1# - MAIN ENTRY--PERSONAL NAME
Personal name Moore, John W.
-- 0000180248
245 10 - TITLE STATEMENT
Title Chemistry :
Remainder of title the molecular science /
Statement of responsibility, etc. John W. Moore, Conrad L. Stanitski, Peter C. Jurs.
250 ## - EDITION STATEMENT
Edition statement 2nd ed.
260 ## - PUBLICATION, DISTRIBUTION, ETC. (IMPRINT)
Place of publication, distribution, etc. Australia :
Name of publisher, distributor, etc. Thomson,
Date of publication, distribution, etc. 2005.
300 ## - PHYSICAL DESCRIPTION
Extent 1 v. [various paging] +
Accompanying material 1 CD-ROM.
650 #0 - SUBJECT ADDED ENTRY--TOPICAL TERM
Topical term or geographic name as entry element Chemistry.
-- 0000148202
700 1# - ADDED ENTRY--PERSONAL NAME
Personal name Stanitski, Conrad L.
-- 0000154093
700 1# - ADDED ENTRY--PERSONAL NAME
Personal name Jurs, Peter.
-- 0000180249
852 1# - LOCATION
-- p5245 KES
908 ## - PUT COMMAND PARAMETER (RLIN)
Put command parameter 110824
950 ## - LOCAL HOLDINGS (RLIN)
-- 1
Holdings
Withdrawn status Lost status Source of classification or shelving scheme Not for loan Home library Current library Date acquired Total Checkouts Full call number Barcode Date last seen Date last checked out Price effective from Koha item type
    Library of Congress Classification   Kabarak, Main Campus Kabarak, Main Campus 17/12/2015 5 QD33 .M66 2005 c.1 21696 27/02/2024 11/02/2024 17/12/2015 General Collection